000 00681nam a2200193 i 4500
001 85118
003 ES-MaACL
007 t|
008 041125s1945 ag ||||1| spa d
100 1 _aJosephson, Matthew.
_966988
245 1 0 _aZola y su época
_b: historia de su belicosa carrera literaria /
_cMatthew Josephson ; [versión castellana de Manuel Barberá].
260 _aBuenos Aires :
_bPoseidón,
_c[1945] (
_fSebastián de Amorrortu)
300 _a565 p., 1 lám. ;
_c29 cm.
490 1 _aBiografías de ayer y de hoy
700 1 _aBarberá, Manuel.
_925419
830 0 _aBiografías de ayer y de hoy
_9181707
852 _aES-MaACL
_jE-1747
_bR.22565
999 _c85118
_d85118